|
|
|
|
| LEADER |
00989nam a2200277 a 4500 |
| 001 |
GR-Patra6933 |
| 008 |
991022s1993 xxk 000 b eng d |
| 020 |
|
|
|a 0198563930
|
| 040 |
|
|
|a GrPaTEI
|b gre
|c GR-PaULI
|
| 245 |
0 |
0 |
|a An introduvtion to the kinetic theory of gases and magnetoplasmas.
|
| 260 |
|
|
|a Oxford :
|b Oxford University Press,
|c 1993
|
| 300 |
|
|
|a xii, 287p
|
| 500 |
|
|
|a Bibliography: p.278-280
|
| 650 |
|
0 |
|a GASES
|
| 650 |
|
0 |
|a KINETIC THEORY
|
| 650 |
|
4 |
|a ΑΕΡΙΑ
|
| 650 |
|
4 |
|a ΑΕΡΙΑ, ΚΙΝΗΤΙΚΗ ΘΕΩΡΙΑ ΤΩΝ
|
| 650 |
|
4 |
|a ΚΙΝΗΤΙΚΗ
|
| 650 |
|
4 |
|a ΜΗΧΑΝΙΚΗ
|
| 650 |
|
4 |
|a ΦΥΣΙΚΗ
|
| 700 |
1 |
|
|a Woods, Leslie Colin
|
| 710 |
0 |
|
|a Oxford University Press
|
| 942 |
|
|
|2 ddc
|
| 952 |
|
|
|0 0
|1 0
|2 ddc
|4 0
|6 533_700000000000000_WOO
|7 0
|9 288262
|a LISK
|b LISK
|c BSC
|d 2021-01-17
|e 24
|f 0
|g 0.00
|l 0
|o 533.7 WOO
|p 92410010353
|r 2021-01-17 00:00:00
|t 1
|w 2021-01-17
|y BK15
|x 19991024 0 1
|x GrPaTEI
|
| 971 |
|
|
|a .b26544477
|b 15-04-20
|c 23-09-16
|
| 999 |
|
|
|c 168117
|d 168117
|